De la folie dans le régime pénitentiaire (Record no. 156421)
[ view plain ]
| 000 -LEADER | |
|---|---|
| campo de control de longitud fija | 00857nam a2200193 i 4500 |
| 001 - NÚMERO DE CONTROL | |
| campo de control | 156421 |
| 003 - IDENTIFICADOR DE NÚMERO DE CONTROL | |
| campo de control | ES-MaACL |
| 005 - FECHA Y HORA DE LA ÚLTIMA TRANSACCIÓN | |
| campo de control | 20250827231301.0 |
| 008 - DATOS DE LONGITUD FIJA--INFORMACIÓN GENERAL | |
| campo de control de longitud fija | 040729s1849 fr |||| | fre d |
| 100 1# - ENTRADA PRINCIPAL--NOMBRE DE PERSONA | |
| Nombre de persona | Joret. |
| 9 (RLIN) | 128350 |
| 245 10 - MENCIÓN DEL TÍTULO | |
| Título | De la folie dans le régime pénitentiaire |
| Resto del título | : depuis l'exécution de l'ordonnance ministérielle du 10 mai 1839 qui prescrit le silence absolu de jour et de nuit / |
| Mención de responsabilidad, etc. | par Joret. |
| 260 ## - PUBLICACIÓN, DISTRIBUCIÓN, ETC. | |
| Lugar de publicación, distribución, etc. | Paris : |
| Nombre del editor, distribuidor, etc. | J.-B. Baillière, |
| Fecha de publicación, distribución, etc. | 1849 ( |
| Fabricante | Imp. de E. Martinet) |
| 300 ## - DESCRIPCIÓN FÍSICA | |
| Extensión | P. [319]-407 ; |
| Dimensiones | 25 cm. |
| 595 ## - | |
| -- | Extrait des Mémoires de l'Académie Impériale de Médecine, T. XIV, 1849. |
| 650 #4 - PUNTO DE ACCESO ADICIONAL DE MATERIA--TÉRMINO DE MATERIA | |
| Término de materia o nombre geográfico como elemento de entrada | Establecimientos penitenciarios- |
| Subdivisión geográfica | Francia. |
| 9 (RLIN) | 143319 |
| 650 #7 - PUNTO DE ACCESO ADICIONAL DE MATERIA--TÉRMINO DE MATERIA | |
| Término de materia o nombre geográfico como elemento de entrada | Enajenación mental (Derecho penal) |
| Fuente del encabezamiento o término | embne |
| 9 (RLIN) | 167562 |
| 852 ## - LOCALIZACIÓN | |
| Ubicación | ES-MaACL |
| Número de control de estantería | D-89(8) |
| Nota libre | - Enc. pasta española |
| -- | .- Donativo Lastres |
| Estatus retirado | Estado de pérdida | Estado de daño | No para préstamo | Colección | Biblioteca de origen | Biblioteca actual | Ubicación en estantería | Fecha de adquisición | Fuente de adquisición | Total de préstamos | Signatura topográfica completa | Código de barras | Visto por última vez | Precio de reemplazo | Tipo de ítem Koha |
|---|---|---|---|---|---|---|---|---|---|---|---|---|---|---|---|
| Libros del s. XIX | Biblioteca del Ateneo de Madrid | Biblioteca del Ateneo de Madrid | Sala Valle Inclán | 17/01/2008 | D-89(8) | 901163651 | 23/02/2023 | 23/02/2023 | Libro impreso antiguo |
